000 01100nam a22002177a 4500
999 _c59208
_d59208
003 Ge_BSU
005 20221214122054.0
008 221214s1985ge xxu||||| |||| 00| 0 geo d
041 _ageo
080 _a821.353.1-94+ 342.511(479.22) ჩ-24
100 _aჩარკვიანი, კანდიდ.
_916398
245 _aგანცდილი და ნააზრევი.
_b წ. 1 /
_cკ. ჩარკვიანი, რედ. მ. მერკვილაძე
264 _aთბილისი :
_bსაბჭოთა საქართველო,
_c 1985.
300 _a368 გვ.
_b22 სმ.
504 _aბიბლიოგრაფია ტექსტის შენიშნებში.
653 _aსაქართველოს სახელმწიფო მოღვაწეები.
653 _aქართველი კომუნისტები.
653 _aსაქართველოს ეკონომიკა
700 _aმერკვილაძე, მ
_eრედაქტორი
_916399
942 _2udc
_cBK